[Event "Xtracon Skakligaen"]
[Site "Denmark"]
[Date "2016.01.10"]
[Round "5.4"]
[White "Kristensen, Kaare Hove"]
[Black "Sorensen, Jan"]
[Result "1/2-1/2"]
[WhiteElo "2365"]
[BlackElo "2435"]
[PlyCount "155"]
[EventDate "2015.10.31"]
[EventType "team-tourn"]
[EventRounds "9"]
[EventCountry "DEN"]
[WhiteTeam "Nordkalotten"]
[BlackTeam "AarhusSkolerne"]
[WhiteTeamCountry "DEN"]
[BlackTeamCountry "DEN"]

1. c4 c5 2. Nf3 Nf6 3. Nc3 g6 4. e4 d6 5. d4 cxd4 6. Nxd4 Nc6 7. Nc2 Bg7 8. Be2
Be6 9. O-O Na5 10. Nd4 Rc8 11. b3 Bd7 12. Be3 O-O 13. f3 Nc6 14. Qd2 Nxd4 15.
Bxd4 a5 16. Qe3 Ra8 17. Rfd1 Bc6 18. c5 e5 19. Bxe5 Ng4 20. fxg4 Bxe5 21. cxd6
Bxd6 22. Qd4 Bc7 23. Qxd8 Raxd8 24. Nd5 Bd6 25. Rac1 Kg7 26. Bf3 Rfe8 27. g3 h6
28. Kg2 Ba3 29. Rc2 Re5 30. Nb4 Rxd1 31. Nxc6 Rc5 32. Bxd1 Rxc2+ 33. Bxc2 bxc6
34. Bd3 Kf6 35. Bc4 g5 36. Kf3 Bc5 37. Ba6 Bd4 38. Bb7 c5 39. Ke2 Ke5 40. h4
Kd6 41. Bd5 f6 42. h5 Be5 43. Kd3 Bxg3 44. Kc4 Be1 45. Bf7 Bb4 46. Kb5 Kc7 47.
Be8 Kd6 48. Kb6 Bc3 49. Kb7 Ke7 50. Bg6 Kd6 51. Kc8 Ke7 52. Kc7 Bb4 53. Bf5 Ba3
54. Kc6 Bb4 55. Bc8 Kd8 56. Be6 Ke7 57. Bc4 Ba3 58. Kd5 Kf8 59. Ke6 Bb2 60. e5
fxe5 61. Kf6 e4+ 62. Kg6 Bg7 63. Bd5 e3 64. Bc4 e2 65. Bxe2 Kg8 66. Ba6 Kh8 67.
Bc4 Bf8 68. Be6 Bg7 69. Bc4 Bf8 70. Kf7 Bg7 71. Ke6 Bc3 72. Kd5 Bb4 73. Kc6 Kg7
74. Kb5 Kf6 75. Ka4 Ke5 76. a3 Bd2 77. Kb5 Kd6 78. Bg8 1/2-1/2

[Event "Xtracon Skakligaen"]
[Site "Denmark"]
[Date "2016.01.10"]
[Round "5.5"]
[White "Christensen, Tobias Bent"]
[Black "Pedersen, Daniel V"]
[Result "1-0"]
[WhiteElo "2349"]
[BlackElo "2244"]
[PlyCount "77"]
[EventDate "2015.10.31"]
[EventType "team-tourn"]
[EventRounds "9"]
[EventCountry "DEN"]
[WhiteTeam "AarhusSkolerne"]
[BlackTeam "Nordkalotten"]
[WhiteTeamCountry "DEN"]
[BlackTeamCountry "DEN"]

1. e4 e5 2. Nf3 Nc6 3. d4 exd4 4. Nxd4 Nf6 5. Nxc6 bxc6 6. Bd3 d5 7. Qe2 dxe4
8. Nc3 Bb4 9. Bxe4 Bxc3+ 10. bxc3 Nxe4 11. Qxe4+ Qe7 12. Qxe7+ Kxe7 13. Bf4 Rb8
14. O-O-O Rb7 15. Rhe1+ Be6 16. Rd4 Rhb8 17. Kd2 Rb1 18. Rxb1 Rxb1 19. Ra4 Rb2
20. Rxa7 Rxa2 21. Rxc7+ Bd7 22. c4 Ra3 23. c5 Ra1 24. Be5 Rg1 25. g3 g6 26.
Bf6+ Ke6 27. h4 h5 28. Bd4 Rb1 29. Ke3 Rc1 30. c3 Rb1 31. Kf4 Rd1 32. Kg5 Rd3
33. Kh6 Rf3 34. Kg7 Rf5 35. Ra7 Ke7 36. c4 Rf3 37. Be3 Rf5 38. Bd4 Rf3 39. Rb7
1-0

[Event "Xtracon Skakligaen"]
[Site "Denmark"]
[Date "2016.01.10"]
[Round "5.6"]
[White "Jakobsen, Peter"]
[Black "Vinther Schou, Uffe"]
[Result "1/2-1/2"]
[WhiteElo "2225"]
[BlackElo "2374"]
[PlyCount "97"]
[EventDate "2015.10.31"]
[EventType "team-tourn"]
[EventRounds "9"]
[EventCountry "DEN"]
[WhiteTeam "Nordkalotten"]
[BlackTeam "AarhusSkolerne"]
[WhiteTeamCountry "DEN"]
[BlackTeamCountry "DEN"]

1. Nf3 Nf6 2. c4 e6 3. g3 d5 4. Bg2 c5 5. O-O Nc6 6. cxd5 exd5 7. d4 Be7 8. Nc3
O-O 9. Bg5 c4 10. Ne5 Be6 11. f4 Nxe5 12. fxe5 Ng4 13. Bxe7 Qxe7 14. Qd2 Rad8
15. Rf4 f5 16. b3 Qb4 17. bxc4 Qxc4 18. h3 Nh6 19. Rb1 Rd7 20. Rff1 Rc8 21.
Rfc1 Rdc7 22. Nxd5 Qxc1+ 23. Rxc1 Rxc1+ 24. Kh2 Kh8 25. Nf4 R1c2 26. Qb4 Bxa2
27. d5 g5 28. Nd3 Rxe2 29. Kg1 Rcc2 30. Bf3 Re3 31. Qf8+ Ng8 32. Qxf5 g4 33.
hxg4 Bc4 34. Be4 Rxg3+ 35. Kf1 Rh3 36. Ke1 Bxd3 37. Bxd3 Rh1+ 38. Bf1 Rc1+ 39.
Ke2 Rhxf1 40. Qg5 Rce1+ 41. Kd3 a5 42. d6 a4 43. Kc4 Rc1+ 44. Kb4 Rb1+ 45. Kc5
Rfc1+ 46. Kd4 Rd1+ 47. Kc5 Rdc1+ 48. Kd4 Rd1+ 49. Kc5 1/2-1/2

[Event "Xtracon Skakligaen"]
[Site "Denmark"]
[Date "2016.01.10"]
[Round "5.8"]
[White "Hove, Esben Kjems"]
[Black "Rendboe, John Filip"]
[Result "1/2-1/2"]
[WhiteElo "2218"]
[BlackElo "2181"]
[PlyCount "61"]
[EventDate "2015.10.31"]
[EventType "team-tourn"]
[EventRounds "9"]
[EventCountry "DEN"]
[WhiteTeam "Nordkalotten"]
[BlackTeam "AarhusSkolerne"]
[WhiteTeamCountry "DEN"]
[BlackTeamCountry "DEN"]

1. d4 d5 2. c4 e6 3. Nc3 Be7 4. cxd5 exd5 5. Bf4 c6 6. e3 Nf6 7. Bd3 O-O 8.
Nge2 Nbd7 9. Ng3 Re8 10. O-O g6 11. Qc2 Nf8 12. h3 Ne6 13. Be5 Bd6 14. f4 Ng7
15. e4 dxe4 16. Ncxe4 Nxe4 17. Nxe4 Be7 18. Bxg7 Kxg7 19. Qc3 Qb6 20. Nc5 Bf6
21. Rad1 Qd8 22. Bb1 Qd5 23. f5 g5 24. Qd3 b6 25. Na4 c5 26. dxc5 Qxd3 27. Bxd3
bxc5 28. Kh1 Bd4 29. f6+ Bxf6 30. Bc4 Be6 31. Bxe6 1/2-1/2

[Event "Xtracon Skakligaen"]
[Site "Denmark"]
[Date "2016.01.24"]
[Round "6.1"]
[White "Grandelius, Nils"]
[Black "Jahncke, Giso"]
[Result "1/2-1/2"]
[WhiteElo "2647"]
[BlackElo "2285"]
[PlyCount "63"]
[EventDate "2015.10.31"]
[EventType "team-tourn"]
[EventRounds "9"]
[EventCountry "DEN"]
[WhiteTeam "Philidor"]
[BlackTeam "Bov"]
[WhiteTeamCountry "DEN"]
[BlackTeamCountry "DEN"]

1. e4 e5 2. Nf3 Nc6 3. Bb5 a6 4. Ba4 Nf6 5. O-O Be7 6. d3 d6 7. c3 O-O 8. Re1
Re8 9. Nbd2 Bf8 10. h3 b5 11. Bc2 h6 12. d4 exd4 13. cxd4 Nb4 14. Bb1 c5 15. a3
Nc6 16. d5 Ne5 17. b3 Nxf3+ 18. Nxf3 Nd7 19. a4 Rb8 20. axb5 axb5 21. Bb2 Ne5
22. Nh2 Ng6 23. b4 c4 24. Nf3 Bd7 25. Bc2 Qc7 26. Qd2 Ra8 27. Rad1 c3 28. Qxc3
Qxc3 29. Bxc3 Rec8 30. Rd3 Nf4 31. Rde3 Ra3 32. Bd4 1/2-1/2

[Event "Xtracon Skakligaen"]
[Site "Denmark"]
[Date "2016.01.24"]
[Round "6.2"]
[White "Schwarz, Frank"]
[Black "Tikkanen, Hans"]
[Result "0-1"]
[WhiteElo "2258"]
[BlackElo "2511"]
[PlyCount "84"]
[EventDate "2015.10.31"]
[EventType "team-tourn"]
[EventRounds "9"]
[EventCountry "DEN"]
[WhiteTeam "Bov"]
[BlackTeam "Philidor"]
[WhiteTeamCountry "DEN"]
[BlackTeamCountry "DEN"]

1. c4 e5 2. g3 Nf6 3. Bg2 h6 4. Nc3 Bb4 5. Nd5 Nxd5 6. cxd5 O-O 7. Nf3 d6 8.
O-O c5 9. d3 Nd7 10. a3 Ba5 11. Rb1 b5 12. b4 cxb4 13. axb4 Bb6 14. Bb2 f5 15.
Rc1 Nf6 16. Qb3 Kh7 17. e4 fxe4 18. dxe4 Qe8 19. Qd3 Bd7 20. Nd4 Qh5 21. Nf5 g6
22. Bf3 Ng4 23. Bxg4 Qxg4 24. Nh4 g5 25. Nf5 Bxf5 26. exf5 Qxf5 27. Qxf5+ Rxf5
28. Kg2 g4 29. Rc2 Raf8 30. Bc1 Rf3 31. Re2 Kg6 32. Bd2 h5 33. Be1 Rd3 34. h3
gxh3+ 35. Kxh3 Rxd5 36. f4 Rd4 37. Bf2 Rxb4 38. Bxb6 axb6 39. Rd1 exf4 40.
Rxd6+ Rf6 41. Ree6 Rxe6 42. Rxe6+ Kf5 0-1

[Event "Xtracon Skakligaen"]
[Site "Denmark"]
[Date "2016.01.24"]
[Round "6.3"]
[White "Rasmussen, Allan Stig"]
[Black "Kevorkov, Artur"]
[Result "1-0"]
[WhiteElo "2498"]
[BlackElo "2228"]
[PlyCount "79"]
[EventDate "2015.10.31"]
[EventType "team-tourn"]
[EventRounds "9"]
[EventCountry "DEN"]
[WhiteTeam "Philidor"]
[BlackTeam "Bov"]
[WhiteTeamCountry "DEN"]
[BlackTeamCountry "DEN"]

1. Nf3 d5 2. c4 c6 3. e3 Nf6 4. Nc3 e6 5. b3 Bd6 6. Bb2 Nbd7 7. Qc2 O-O 8. h3
Re8 9. g4 Nf8 10. g5 N6d7 11. h4 f5 12. cxd5 cxd5 13. Nb5 Bb8 14. Rc1 a6 15.
Nc7 Bxc7 16. Qxc7 Qxc7 17. Rxc7 e5 18. Be2 Ne6 19. Rc2 Nd8 20. O-O Nc6 21. a3
e4 22. Nd4 Nde5 23. Rc5 Rd8 24. Kg2 Nxd4 25. Bxd4 Nc6 26. Kg3 Be6 27. Rfc1 Rac8
28. Kf4 Kf7 29. b4 Ne7 30. Rc7 Rxc7 31. Rxc7 Rd7 32. Rxd7 Bxd7 33. Ke5 Ng6+ 34.
Kd6 Bc6 35. h5 Nf8 36. Bxa6 bxa6 37. Kxc6 Ne6 38. a4 Nxg5 39. b5 axb5 40. a5
1-0

[Event "Xtracon Skakligaen"]
[Site "Denmark"]
[Date "2016.01.24"]
[Round "6.4"]
[White "Hertel, Peter"]
[Black "Hansen, Curt"]
[Result "0-1"]
[WhiteElo "2203"]
[BlackElo "2611"]
[PlyCount "70"]
[EventDate "2015.10.31"]
[EventType "team-tourn"]
[EventRounds "9"]
[EventCountry "DEN"]
[WhiteTeam "Bov"]
[BlackTeam "Philidor"]
[WhiteTeamCountry "DEN"]
[BlackTeamCountry "DEN"]

1. e4 c5 2. Nf3 e6 3. d4 cxd4 4. Nxd4 Nf6 5. Nc3 d6 6. g3 Nc6 7. Bg2 Bd7 8. O-O
Be7 9. a4 O-O 10. Nxc6 Bxc6 11. Qe2 Nd7 12. Rd1 b6 13. Nb5 Qb8 14. b3 a6 15.
Nd4 Bb7 16. Bb2 Qc7 17. f4 Rfe8 18. c4 Bf6 19. Rd2 g6 20. Nf3 Bxb2 21. Rxb2 b5
22. Nd2 bxc4 23. Nxc4 a5 24. Nd2 Rac8 25. e5 d5 26. Nf3 Qc3 27. Qd2 Ba6 28. Rd1
Qc5+ 29. Nd4 Qb6 30. b4 axb4 31. Rxb4 Qa7 32. Bf1 Nc5 33. Qe3 Bxf1 34. Kxf1 Ne4
35. Nb5 Qxe3 0-1

[Event "Xtracon Skakligaen"]
[Site "Denmark"]
[Date "2016.01.24"]
[Round "6.5"]
[White "Mikkelsen, Nikolaj"]
[Black "Schutte, Andreas"]
[Result "1-0"]
[WhiteElo "2462"]
[BlackElo "2182"]
[PlyCount "139"]
[EventDate "2015.10.31"]
[EventType "team-tourn"]
[EventRounds "9"]
[EventCountry "DEN"]
[WhiteTeam "Philidor"]
[BlackTeam "Bov"]
[WhiteTeamCountry "DEN"]
[BlackTeamCountry "DEN"]

1. e4 e6 2. d4 d5 3. Nd2 c5 4. Ngf3 cxd4 5. Nxd4 Nf6 6. exd5 Qxd5 7. N4f3 Nc6
8. Bc4 Qd6 9. Qe2 Be7 10. O-O O-O 11. b3 Nd4 12. Nxd4 Qxd4 13. Rb1 Bd7 14. Bb2
Qg4 15. Qxg4 Nxg4 16. Be2 Nf6 17. Bf3 Bc6 18. Bxc6 bxc6 19. Rfd1 Rfd8 20. Kf1
Kf8 21. Nc4 Rd5 22. Ne5 Rc8 23. c4 Rxd1+ 24. Rxd1 Ke8 25. Ke2 Ne4 26. Nd3 f6
27. Ke3 Nc5 28. Nxc5 Bxc5+ 29. Ke2 a5 30. Bc3 Bb4 31. Bxb4 axb4 32. c5 Ra8 33.
Rd2 Ra5 34. Rc2 Kd7 35. Kd3 e5 36. Kc4 Rb5 37. Rd2+ Kc7 38. h4 h5 39. Rd3 Ra5
40. Rd2 Rb5 41. g3 Rb8 42. f3 Rb7 43. f4 exf4 44. gxf4 Kc8 45. Re2 Kd8 46. Re4
Kd7 47. Kd3 Rb5 48. Kd4 Rb7 49. Re3 Kd8 50. Kc4 Kd7 51. Re2 Kd8 52. Rg2 Kc8 53.
Rd2 Rb5 54. Rd5 Rb7 55. Rxh5 Ra7 56. Rh7 Rxa2 57. Rxg7 Rf2 58. Kxb4 Rxf4+ 59.
Ka5 Rxh4 60. Kb6 Rb4+ 61. Kxc6 Kd8 62. Rd7+ Ke8 63. Rd3 f5 64. Kc7 f4 65. c6
Re4 66. Rf3 Rd4 67. Kc8 Ke7 68. c7 Ke6 69. Kb7 Rb4+ 70. Kc6 1-0

[Event "Xtracon Skakligaen"]
[Site "Denmark"]
[Date "2016.01.24"]
[Round "6.6"]
[White "Klawitter, Harald"]
[Black "Bekker Jensen, Simon"]
[Result "0-1"]
[WhiteElo "2120"]
[BlackElo "2438"]
[PlyCount "108"]
[EventDate "2015.10.31"]
[EventType "team-tourn"]
[EventRounds "9"]
[EventCountry "DEN"]
[WhiteTeam "Bov"]
[BlackTeam "Philidor"]
[WhiteTeamCountry "DEN"]
[BlackTeamCountry "DEN"]

1. c4 g6 2. g3 Bg7 3. Bg2 d6 4. Nc3 Nf6 5. e4 O-O 6. Nge2 c5 7. O-O Nc6 8. d3
a6 9. h3 Rb8 10. a4 Ne8 11. Rb1 Nc7 12. Bd2 Bd7 13. Kh2 b5 14. axb5 axb5 15. b3
bxc4 16. bxc4 Rxb1 17. Qxb1 Qb8 18. Qxb8 Rxb8 19. Rb1 Rxb1 20. Nxb1 Nb4 21. d4
Nd3 22. dxc5 Nxc5 23. Nbc3 Nb3 24. Be3 Na6 25. Nd5 Kf8 26. Bf1 Nac5 27. f3 Na4
28. Kg2 e6 29. Nb6 Nxb6 30. Bxb6 Nd2 31. Nf4 Nxf1 32. Kxf1 Bc8 33. Ke2 Ba6 34.
Kd3 Be5 35. Bf2 Ke7 36. Ng2 f5 37. exf5 gxf5 38. f4 Bb2 39. Bd4 Ba3 40. Ne3 Bb7
41. Bc3 Be4+ 42. Ke2 h5 43. h4 Bc5 44. Bb2 Kd7 45. Bc3 Kc6 46. Bb2 Kb6 47. Bc3
d5 48. cxd5 exd5 49. Bd2 Kb5 50. Nd1 Kc4 51. Nb2+ Kb3 52. Nd1 d4 53. Nf2 Kc2
54. Nd1 Bf3+ 0-1

[Event "Xtracon Skakligaen"]
[Site "Denmark"]
[Date "2016.01.24"]
[Round "6.8"]
[White "Kramer, Svend Erik"]
[Black "Hovmoller, Kristian"]
[Result "0-1"]
[WhiteElo "2048"]
[BlackElo "2287"]
[PlyCount "68"]
[EventDate "2015.10.31"]
[EventType "team-tourn"]
[EventRounds "9"]
[EventCountry "DEN"]
[WhiteTeam "Bov"]
[BlackTeam "Philidor"]
[WhiteTeamCountry "DEN"]
[BlackTeamCountry "DEN"]

1. e4 c5 2. Nf3 d6 3. d4 cxd4 4. Nxd4 Nf6 5. Nc3 a6 6. f3 e6 7. Be3 b5 8. Qd2
b4 9. Nce2 e5 10. Nb3 Nc6 11. g4 h6 12. Ng3 d5 13. exd5 Nxd5 14. O-O-O Nxe3 15.
Qxe3 Qc7 16. Bd3 Be6 17. Be4 Rc8 18. Kb1 Na5 19. Qd3 Nc4 20. Nf5 g6 21. Ne3
Nxe3 22. Qxe3 a5 23. h4 a4 24. Nc1 Bc5 25. Qe2 a3 26. b3 O-O 27. h5 g5 28. Qa6
Rfd8 29. Qb7 Qa5 30. Rxd8+ Qxd8 31. Nd3 Qd4 32. Re1 Qc3 33. Bh7+ Kxh7 34. Qe4+
Kg8 0-1

[Event "Xtracon Skakligaen"]
[Site "Denmark"]
[Date "2016.01.24"]
[Round "6.1"]
[White "Teplyi, Igor"]
[Black "Semcesen, Daniel"]
[Result "1/2-1/2"]
[WhiteElo "2422"]
[BlackElo "2436"]
[PlyCount "61"]
[EventDate "2015.10.31"]
[EventType "team-tourn"]
[EventRounds "9"]
[EventCountry "DEN"]
[WhiteTeam "Nordre"]
[BlackTeam "Skanderborg"]
[WhiteTeamCountry "DEN"]
[BlackTeamCountry "DEN"]

1. d4 d5 2. c4 c6 3. Nf3 e6 4. Qc2 Nf6 5. Bg5 Be7 6. e3 Nbd7 7. Nbd2 O-O 8. Bd3
h6 9. Bxf6 Bxf6 10. O-O e5 11. cxd5 cxd5 12. dxe5 Nxe5 13. Nxe5 Bxe5 14. Nf3
Bf6 15. Rad1 Qb6 16. b3 Bg4 17. Be2 Rac8 18. Qd2 Rfd8 19. Nd4 Bxd4 20. Bxg4 Bc3
21. Qd3 Rc5 22. Be2 Bf6 23. Rc1 d4 24. Rxc5 Qxc5 25. e4 Rc8 26. Qh3 Rc7 27. Bd3
Qa5 28. Qg3 Rc3 29. Qb8+ Qd8 30. Qxd8+ Bxd8 31. Rd1 1/2-1/2

[Event "Xtracon Skakligaen"]
[Site "Denmark"]
[Date "2016.01.24"]
[Round "6.2"]
[White "Pedersen, Nicolai Vesterbaek"]
[Black "Baekgaard, Martin"]
[Result "1/2-1/2"]
[WhiteElo "2403"]
[BlackElo "2333"]
[PlyCount "80"]
[EventDate "2015.10.31"]
[EventType "team-tourn"]
[EventRounds "9"]
[EventCountry "DEN"]
[WhiteTeam "Skanderborg"]
[BlackTeam "Nordre"]
[WhiteTeamCountry "DEN"]
[BlackTeamCountry "DEN"]

1. Nf3 Nf6 2. c4 e6 3. Nc3 d5 4. d4 Be7 5. cxd5 exd5 6. Bg5 c6 7. Qc2 g6 8. e3
Bf5 9. Bd3 Bxd3 10. Qxd3 Nbd7 11. Bh6 Bf8 12. Bxf8 Kxf8 13. b4 a6 14. a4 Qe7
15. O-O Ne4 16. Nd2 Ndf6 17. Ndxe4 dxe4 18. Qc4 Kg7 19. f3 Rhf8 20. Qc5 Rfe8
21. f4 a5 22. Qxe7 Rxe7 23. Rab1 axb4 24. Rxb4 Rc7 25. Rc1 Ra5 26. Rc4 Rd7 27.
h3 h5 28. Kf2 h4 29. Rb1 Nd5 30. Nxd5 cxd5 31. Rcb4 Rc7 32. R1b2 Rc3 33. Ra2
Rc4 34. Rxb7 Rcxa4 35. Rxa4 Rxa4 36. Rb5 Ra2+ 37. Kf1 Ra1+ 38. Kf2 Ra2+ 39. Kf1
Ra1+ 40. Kf2 Ra2+ 1/2-1/2

[Event "Xtracon Skakligaen"]
[Site "Denmark"]
[Date "2016.01.24"]
[Round "6.3"]
[White "Petersen, Tom Petri"]
[Black "Pedersen, Steffen"]
[Result "1/2-1/2"]
[WhiteElo "2349"]
[BlackElo "2406"]
[PlyCount "37"]
[EventDate "2015.10.31"]
[EventType "team-tourn"]
[EventRounds "9"]
[EventCountry "DEN"]
[WhiteTeam "Nordre"]
[BlackTeam "Skanderborg"]
[WhiteTeamCountry "DEN"]
[BlackTeamCountry "DEN"]

1. Nf3 Nf6 2. g3 d5 3. Bg2 c6 4. O-O Bf5 5. d3 h6 6. Nbd2 e6 7. b3 Be7 8. Bb2
O-O 9. Ne5 Bh7 10. c4 Nbd7 11. Ndf3 a5 12. a3 Qb6 13. Nxd7 Nxd7 14. Rb1 Rfd8
15. Qc2 Qa6 16. Qc3 Bf6 17. Qc2 Be7 18. Qc3 Bf6 19. Qc2 1/2-1/2

[Event "Xtracon Skakligaen"]
[Site "Denmark"]
[Date "2016.01.24"]
[Round "6.4"]
[White "Hansen, Mads"]
[Black "Sloth, Jorn"]
[Result "1/2-1/2"]
[WhiteElo "2310"]
[BlackElo "2311"]
[PlyCount "34"]
[EventDate "2015.10.31"]
[EventType "team-tourn"]
[EventRounds "9"]
[EventCountry "DEN"]
[WhiteTeam "Skanderborg"]
[BlackTeam "Nordre"]
[WhiteTeamCountry "DEN"]
[BlackTeamCountry "DEN"]

1. e4 e6 2. d4 d5 3. Nc3 Bb4 4. e5 Ne7 5. a3 Bxc3+ 6. bxc3 b6 7. Qg4 Kf8 8. Qd1
Ba6 9. Bxa6 Nxa6 10. Nf3 Nb8 11. a4 Nbc6 12. h4 h6 13. h5 Qd7 14. g4 Na5 15.
Nh4 Qc6 16. Rh3 Ke8 17. Qf3 Kd7 1/2-1/2

[Event "Xtracon Skakligaen"]
[Site "Denmark"]
[Date "2016.01.24"]
[Round "6.5"]
[White "Klitgaard, Thomas"]
[Black "Andersen, Jackie"]
[Result "0-1"]
[WhiteElo "2230"]
[BlackElo "2343"]
[PlyCount "56"]
[EventDate "2015.10.31"]
[EventType "team-tourn"]
[EventRounds "9"]
[EventCountry "DEN"]
[WhiteTeam "Nordre"]
[BlackTeam "Skanderborg"]
[WhiteTeamCountry "DEN"]
[BlackTeamCountry "DEN"]

1. d4 g6 2. e4 Bg7 3. c4 d6 4. Nc3 Nd7 5. Bg5 a6 6. Nf3 c6 7. Be2 h6 8. Be3 b5
9. O-O Ngf6 10. Nd2 O-O 11. c5 a5 12. Qc2 Ne8 13. f4 Nc7 14. Bf3 b4 15. Ne2
dxc5 16. dxc5 e5 17. f5 Nb5 18. Nc4 Nd4 19. Nxd4 exd4 20. Bf4 Nxc5 21. Nd6 Qb6
22. Kh1 Ba6 23. f6 Bxf6 24. Bxh6 Bxf1 25. Bxf8 Bd3 26. Qd2 Rxf8 27. Qf4 Nd7 28.
Bg4 Be5 0-1

[Event "Xtracon Skakligaen"]
[Site "Denmark"]
[Date "2016.01.24"]
[Round "6.6"]
[White "Seegert, Kristian"]
[Black "Hoiberg, Nina"]
[Result "1-0"]
[WhiteElo "2234"]
[BlackElo "2213"]
[PlyCount "63"]
[EventDate "2015.10.31"]
[EventType "team-tourn"]
[EventRounds "9"]
[EventCountry "DEN"]
[WhiteTeam "Skanderborg"]
[BlackTeam "Nordre"]
[WhiteTeamCountry "DEN"]
[BlackTeamCountry "DEN"]

1. e4 e5 2. Nf3 Nc6 3. Bc4 Nf6 4. d3 Be7 5. O-O O-O 6. Bb3 d6 7. c3 Bg4 8. h3
Bh5 9. Nbd2 Na5 10. Bc2 c5 11. Re1 Nc6 12. Nf1 Ne8 13. Ng3 Bxf3 14. Qxf3 Bg5
15. Be3 g6 16. Rad1 Ng7 17. Bb3 Kh8 18. Bd5 Rc8 19. Bxg5 Qxg5 20. Qg4 Qxg4 21.
hxg4 Ne6 22. Nf1 Kg7 23. Ne3 Nf4 24. Bb3 h5 25. g3 Nh3+ 26. Kg2 hxg4 27. Nxg4
Ng5 28. f4 Nh7 29. Rf1 Rc7 30. Ne3 Nf6 31. fxe5 dxe5 32. Rxf6 1-0

[Event "Xtracon Skakligaen"]
[Site "Denmark"]
[Date "2016.01.24"]
[Round "6.7"]
[White "Christensen, Jan Schleicher"]
[Black "Pedersen, Jan Rode"]
[Result "1-0"]
[WhiteElo "2190"]
[BlackElo "2206"]
[PlyCount "51"]
[EventDate "2015.10.31"]
[EventType "team-tourn"]
[EventRounds "9"]
[EventCountry "DEN"]
[WhiteTeam "Nordre"]
[BlackTeam "Skanderborg"]
[WhiteTeamCountry "DEN"]
[BlackTeamCountry "DEN"]

1. d4 Nf6 2. Nf3 c5 3. d5 d6 4. Nc3 g6 5. e4 Bg7 6. Bb5+ Nfd7 7. a4 a6 8. Be2
b6 9. Bf4 O-O 10. Qd2 Re8 11. Bh6 Bh8 12. h4 Nf8 13. h5 Nbd7 14. Ng5 Bb7 15.
hxg6 hxg6 16. Qf4 Bf6 17. O-O-O e6 18. Kb1 exd5 19. Nxd5 Bxd5 20. Rxd5 Re5 21.
Rxd6 Bxg5 22. Bxg5 Rxg5 23. Qh2 Nh7 24. Qxh7+ Kf8 25. Qh6+ Ke8 26. Rxd7 1-0

[Event "Xtracon Skakligaen"]
[Site "Denmark"]
[Date "2016.01.24"]
[Round "6.8"]
[White "Bjerre, Jonas Buhl"]
[Black "Nielsen, Poul Erik"]
[Result "1-0"]
[WhiteElo "2076"]
[BlackElo "2194"]
[PlyCount "71"]
[EventDate "2015.10.31"]
[EventType "team-tourn"]
[EventRounds "9"]
[EventCountry "DEN"]
[WhiteTeam "Skanderborg"]
[BlackTeam "Nordre"]
[WhiteTeamCountry "DEN"]
[BlackTeamCountry "DEN"]

1. e4 g6 2. d4 Bg7 3. Nc3 a6 4. Be3 d6 5. Qd2 b5 6. h4 h5 7. Nh3 Bxh3 8. Rxh3
Nf6 9. f3 Nbd7 10. O-O-O c6 11. Kb1 Qc7 12. Bg5 c5 13. dxc5 Qxc5 14. Be3 Qc7
15. Bd4 Bh6 16. Qe2 O-O 17. g4 e5 18. Bf2 b4 19. Nd5 Nxd5 20. Rxd5 hxg4 21.
fxg4 Bf4 22. Rhd3 Nc5 23. Bxc5 dxc5 24. Rd7 Qa5 25. R3d6 b3 26. axb3 Rfd8 27.
Qc4 Rxd7 28. Rxd7 Rf8 29. c3 Qb6 30. Qxa6 Qxa6 31. Bxa6 f5 32. Bc4+ Kh8 33.
exf5 gxf5 34. g5 e4 35. g6 Be5 36. Rh7# 1-0

[Event "Xtracon Skakligaen"]
[Site "Denmark"]
[Date "2016.01.24"]
[Round "6.1"]
[White "Hansen, Mads Smith"]
[Black "Schandorff, Lars"]
[Result "1/2-1/2"]
[WhiteElo "2356"]
[BlackElo "2519"]
[PlyCount "68"]
[EventDate "2015.10.31"]
[EventType "team-tourn"]
[EventRounds "9"]
[EventCountry "DEN"]
[WhiteTeam "Obro"]
[BlackTeam "Hillerod"]
[WhiteTeamCountry "DEN"]
[BlackTeamCountry "DEN"]

1. e4 e5 2. Nf3 Nc6 3. Bb5 a6 4. Ba4 Nf6 5. O-O Be7 6. Bxc6 dxc6 7. Qe1 c5 8.
Nxe5 Qd4 9. Nf3 Qxe4 10. Qxe4 Nxe4 11. Re1 Nf6 12. b3 Nd5 13. Bb2 f6 14. Nc3
Nxc3 15. Bxc3 Kf7 16. d3 Bd7 17. a4 Rhe8 18. Nd2 Bf8 19. Kf1 Bc6 20. Nc4 b6 21.
Bd2 g5 22. h3 b5 23. Rxe8 Kxe8 24. axb5 axb5 25. Rxa8+ Bxa8 26. Na3 Bc6 27. c4
bxc4 28. bxc4 Bd6 29. Nb1 h6 30. h4 gxh4 31. Bxh6 Bd7 32. Be3 h3 33. gxh3 Bxh3+
34. Ke2 Kd7 1/2-1/2

[Event "Xtracon Skakligaen"]
[Site "Denmark"]
[Date "2016.01.24"]
[Round "6.2"]
[White "Borge, Nikolaj"]
[Black "Rasmussen, Casper Dahl"]
[Result "1-0"]
[WhiteElo "2379"]
[BlackElo "2314"]
[PlyCount "59"]
[EventDate "2015.10.31"]
[EventType "team-tourn"]
[EventRounds "9"]
[EventCountry "DEN"]
[WhiteTeam "Hillerod"]
[BlackTeam "Obro"]
[WhiteTeamCountry "DEN"]
[BlackTeamCountry "DEN"]

1. e4 e5 2. Nf3 Nf6 3. Nxe5 d6 4. Nf3 Nxe4 5. Nc3 Nxc3 6. dxc3 Be7 7. Be3 Nc6
8. Qd2 Be6 9. O-O-O Bxa2 10. b3 a5 11. Kb2 a4 12. Ra1 axb3 13. cxb3 Bxb3 14.
Rxa8 Qxa8 15. Kxb3 Qa1 16. Qb2 Qd1+ 17. Qc2 Qa1 18. Qb2 Qd1+ 19. Qc2 Qa1 20.
Qf5 Na5+ 21. Kc2 Qa4+ 22. Kd3 O-O 23. Nd2 d5 24. Ke2 c5 25. Kf3 d4 26. Bd3 g6
27. Qe4 Bf6 28. cxd4 Re8 29. Qd5 cxd4 30. Bb5 1-0

[Event "Xtracon Skakligaen"]
[Site "Denmark"]
[Date "2016.01.24"]
[Round "6.3"]
[White "Jorgensen, Dennis"]
[Black "Percivaldi, Martin"]
[Result "1/2-1/2"]
[WhiteElo "2237"]
[BlackElo "2246"]
[PlyCount "112"]
[EventDate "2015.10.31"]
[EventType "team-tourn"]
[EventRounds "9"]
[EventCountry "DEN"]
[WhiteTeam "Obro"]
[BlackTeam "Hillerod"]
[WhiteTeamCountry "DEN"]
[BlackTeamCountry "DEN"]

1. d4 d5 2. c4 c6 3. cxd5 cxd5 4. Nc3 Nc6 5. Nf3 Nf6 6. Bf4 Bf5 7. e3 e6 8. Qb3
Bb4 9. Bb5 O-O 10. O-O Qe7 11. Bxc6 bxc6 12. Ne5 Rfc8 13. Rfc1 c5 14. dxc5 Qxc5
15. e4 dxe4 16. Nxe4 Qd4 17. Nxf6+ gxf6 18. Qg3+ Bg6 19. Nc6 Qb6 20. Nxb4 Qxb4
21. b3 Rxc1+ 22. Rxc1 Rd8 23. Bh6 Qa5 24. h4 Qh5 25. Qd6 Qd5 26. Qe7 Qd4 27.
Be3 Qd6 28. Qxf6 e5 29. Qxd6 Rxd6 30. Rc7 a6 31. Bh6 Bf5 32. Be3 Kg7 33. Re7
Be6 34. Kh2 h5 35. Rc7 Kf6 36. Kg3 Kf5 37. Rc3 Rd1 38. Rc6 Ra1 39. Rxa6 Bxb3
40. a3 Ke4 41. Bc5 f5 42. f3+ Kd5 43. Bf8 f4+ 44. Kh2 Kd4 45. Rh6 Ra2 46. Rxh5
Bd5 47. Bg7 Bxf3 48. Rg5 Be4 49. Bxe5+ Ke3 50. Kh3 Rxa3 51. Kg4 f3 52. gxf3
Bxf3+ 53. Kf5 Ra4 54. h5 Rh4 55. Kg6 Rxh5 56. Rxh5 Bxh5+ 1/2-1/2

[Event "Xtracon Skakligaen"]
[Site "Denmark"]
[Date "2016.01.24"]
[Round "6.4"]
[White "Jaksland, Tim"]
[Black "Larsen, Karsten"]
[Result "1/2-1/2"]
[WhiteElo "2284"]
[BlackElo "2252"]
[PlyCount "44"]
[EventDate "2015.10.31"]
[EventType "team-tourn"]
[EventRounds "9"]
[EventCountry "DEN"]
[WhiteTeam "Hillerod"]
[BlackTeam "Obro"]
[WhiteTeamCountry "DEN"]
[BlackTeamCountry "DEN"]

1. Nf3 d5 2. c4 e6 3. g3 Nf6 4. Bg2 Be7 5. O-O O-O 6. b3 c5 7. Bb2 Nc6 8. e3 d4
9. exd4 cxd4 10. Re1 Re8 11. d3 Bf8 12. a3 e5 13. b4 Bd6 14. Nbd2 Bf5 15. Qc2
h6 16. Nh4 Bh7 17. Ne4 Be7 18. Nd2 Qc7 19. b5 Nb8 20. Nhf3 Nbd7 21. Nb3 Rad8
22. Nfd2 Bf8 1/2-1/2